000 01983nam0a2200385 4500
001 RU\NLR\bibl\60416
005 20260405070955.0
010 _a5-7390-0346-6
_bОбщ.
010 _a5-7390-0398-9
_bОлимп
010 _a5-237-00848-8
_95000
_bАСТ
021 _aRU
_b99-40390
_91995
035 _a(NLR Aleph) 000058931
090 _a319963
_c319963
100 _a19991124d1999 |||y0rusy50 ca
101 0 _arus
102 _aRU
105 _ay |||||||||
200 1 _aРассказы и повести. Воспоминания . Критические статьи. Публицистика
_fВ. Короленко
_g[Сост., предисл., коммент. И.Каплана]
210 _aМ.
_cОлимп
_aНазрань
_cАСТ
_d1999
215 _a619, [2] с.
_d21
225 1 _aШкола классики
_eШК
_eКнига для ученика и учителя
320 _aБиблиогр. в конце кн.
327 1 _aСодерж.: Рассказы и повести: Чудная; В дурном обществе; Слепой музыкант; Река играет; Парадокс; Мгновение; Огоньки; Мороз
_aВ кн . также: Критика и комментарии; Темы и развернутые планы сочинений; Материалы для подготовки к уроку
600 1 _aКороленко
_bВ.Г.
_f1853 - 1921
_gВладимир Галактионович
_xИзучение в школе
_92087869
_3RU\NLR\auth\661264001
686 _aЧ426.21,6(2)315.8Короленко
686 _aШ9(2)62=Р5-4
700 1 _4070
_8rus
_7ca
_aКороленко
_bВ. Г.
_f1853-1921
_gВладимир Галактионович
_3RU\NLR\auth\7717433
_9520
801 0 _aRU
_bNLR
_c19991124
_gPSBO
801 1 _aRU
_bNLR
_c19991124
830 _aАвт. по кн.
852 _aNLR
_j99-3/14921
942 _cBOOK
980 _aNB